Vnútorný obchod, hotely a reštaurácie v SR za 1. štvrťrok 2006

Na minha lista:
Detalhes bibliográficos
Formato: Livro
Idioma:eslovaco
inglês
Publicado em: Bratislava Štatistický úrad Slovenskej republiky 2006
Colecção:Vnútorný obchod a služby
Assuntos:
Tags: Adicionar Tag
Sem tags, seja o primeiro a adicionar uma tag!

MARC

LEADER 00000nam a2200000 4500
001 0049621
005 20260211084948.5
041 0 |a slo 
041 0 |a eng 
044 |a SK 
245 1 0 |a Vnútorný obchod, hotely a reštaurácie v SR za 1. štvrťrok 2006 
264 1 |a Bratislava  |b Štatistický úrad Slovenskej republiky  |c 2006 
300 |a 24 s. 
490 1 |a Vnútorný obchod a služby 
830 0 |a Vnútorný obchod a služby 
610 2 0 |a Slovensko 
610 2 0 |a obchod vnútorný 
610 2 0 |a hotely 
610 2 0 |a reštaurácie 
610 2 0 |a tržby 
610 2 0 |a zamestnanci 
610 2 0 |a mzdy